|
|
|
|
| LEADER |
00000nam0a2200000 4500 |
| 001 |
297610 |
| 005 |
20231102001026.0 |
| 035 |
|
|
|a (RuTPU)RU\TPU\book\322743
|
| 090 |
|
|
|a 297610
|
| 100 |
|
|
|a 20150609d1984 k y0rusy50 ca
|
| 101 |
0 |
|
|a rus
|
| 102 |
|
|
|a UA
|
| 105 |
|
|
|a a z 001zy
|
| 200 |
1 |
|
|a Транспортные и горные машины
|e сборник научных трудов
|f Академия наук Украинской ССР (АН УССР), Институт геотехнической механики (ИГМ) ; под ред. Е. Е. Новикова
|
| 210 |
|
|
|a Киев
|c Наукова думка
|d 1984
|
| 215 |
|
|
|a 152 с.
|c ил.
|
| 320 |
|
|
|a Библиография в конце статей
|
| 606 |
1 |
|
|a Рудничный (шахтный) транспорт
|x Автоматизация
|2 stltpush
|3 (RuTPU)RU\TPU\subj\25910
|9 49950
|
| 606 |
1 |
|
|a Горные машины
|x Динамика
|2 stltpush
|3 (RuTPU)RU\TPU\subj\7851
|9 35377
|
| 610 |
1 |
|
|a транспортные машины
|
| 610 |
1 |
|
|a прочность
|
| 610 |
1 |
|
|a конструкции
|
| 610 |
1 |
|
|a проходческие машины
|
| 610 |
1 |
|
|a вибрационные машины
|
| 610 |
1 |
|
|a упругие связи
|
| 675 |
|
|
|a 622.6
|v 4
|
| 675 |
|
|
|a 622.002.5
|v 4
|
| 702 |
|
1 |
|a Новиков
|b Е. Е.
|4 340
|
| 712 |
0 |
2 |
|a Академия наук Украинской ССР (АН УССР)
|b Институт геотехнической механики (ИГМ)
|2 stltpush
|3 (RuTPU)RU\TPU\col\11530
|
| 801 |
|
1 |
|a RU
|b 63413507
|c 20150609
|
| 801 |
|
2 |
|a RU
|b 63413507
|c 20181030
|g RCR
|
| 942 |
|
|
|c BK
|